Регионална библиотека "Любен Каравелов" - Русе

В края на ноември (Запис номер 117950)

MARC детайли
000 -Лидер
Контролно поле с фиксирана дължина 01360nam a2200361 a 4500
003 - Код на организацията, давaща контролен номер
Контролно поле BLK
005 - Дата и час на последна редакция
Контролно поле 20250206131615.0
008 - Елементи от данни с фиксирана дължина
fixed length control field 180409b bul|||||r ||||||| ||bul||
010 ## - Наследен системен номер
LC control number KNG00123551000
020 ## - Международен стандартен номер на книга ISBN
Международен стандартен номер на книга ISBN 978-954-527-462-6
040 ## - Източник на каталожния запис
Идентификатор на билиотеката - собственик на записа BLK
041 ## - Код за език
Код за езика на текст/звукозапис или на отделно заглавие Български
Код за езика КДБФ Български
072 #7 - Код за тематичната категория
Код организация bullib
Код за тематична категория Н85
Текст Детска художествена литература Н
080 ## - УДК
Текстов определител УДК Финландска литература
УДК код - определител по УДК 821.511.111
УДК определител -93-31
УДК - код + определител 821.511.111-93-31
100 1# - Редна дума - Автор
Автор Янсон, Туве
Авторска отговорност първи автор
R(LIN) 365645
139 ## - Редно поле
Редна дума Янсон, Туве
Авторски знак Янсо - Я 67
245 10 - Сведения за заглавието
Заглавие В края на ноември
Редно поле (дума) Туве Янсон; ил. Туве Янсон; прев. Румяна Любенова.
250 ## - Област на изданието
Сведения за изданието 2. изд.
257 ## - Страна на издаване
Страна на създаване/издаване Финландия
260 ## - Област на издателските данни
Място на издаване, разпространение и проч. София
Име на издателя, разпространителя и проч. Дамян Яков
Година на издаване 2009
Печатница В. Търново : Абагар
300 ## - Физическа характеристика
Страници 176 с.
Илюстрации и др. с ил.
Размери/Мащаб 22 см
380 ## - Жанр
Жанр Детска худож. лит.
500 ## - Общи забележки
Забележка 1. изд. 2002 на изд. Хермес. - Ориг. загл. : Sent I November / Tove Jansson.
700 1# - Други автори (авторска отговорност)
Лично име Янсон, Туве
Автороска отговорност (Описва отношението между автора и произведението) ил.
9 (RLIN) 365645
700 1# - Други автори (авторска отговорност)
Лично име Любенова, Румяна
Автороска отговорност (Описва отношението между автора и произведението) прев.
9 (RLIN) 375620
852 ## - Местоположение
Форматна сигнатура Цб 251919
856 4# - Електронен адрес и достъп
Електронен формат pdf - файл
856 4# - Електронен адрес и достъп
Електронен формат pdf - файл
999 ## - СИСТЕМНИ КОНТРОЛНИ НОМЕРА
Koha biblionumber 117950
Koha biblioitemnumber 117950
942 ## - АРТИКУЛИ
Вид на библиотечния материал Книги
Скрит в OPAC Не
Периодичен библиозапис Да
Koha issues (borrowed), all copies 2
944 ## - СЪЗДАВАНЕ И РЕДАКЦИЯ на ЗАПИСА
Създаване/Редакция Създаване
Дата на регистрацията/редакция 14.06.2011
Статус, дата на статуса Силвия Димитрова
Служител, извършил регистрацията/редакцията 30538
944 ## - СЪЗДАВАНЕ И РЕДАКЦИЯ на ЗАПИСА
Създаване/Редакция Редакция
Дата на регистрацията/редакция 30.05.2012
Статус, дата на статуса ф /
999 ## - СИСТЕМНИ КОНТРОЛНИ НОМЕРА
Koha biblioitemnumber 117950
Наличности
Код за отписване Код за изгубен артикул Код за повреда Коз за рестрикции Код за отдаване Артикулен № Име на библиотеката - собственик Име на библиотеката, в която се намира в момента Статус (Текущо местоположение) Дата на вписване в системата Местоположение - отдел Цена в лева Инвентарен номер Систематично азбучна сигнатура Баркод Номер на екземпляра Цена в евро Служебна бележка Служебен тип на артикула Източник на класификационната схема
  Не е изгубен Не е повреден без рестрикции ползва се в читалня 190170 Регионална библиотека "Любен Каравелов" Русе Регионална библиотека "Любен Каравелов" Русе Хранилище 2011-06-02 Хранилище 7.00 120000751094 Цб 251919 120000751094 1 3.58 Дост: Dp Вид: Д N: 1 Дата: 03.01.2011 Книги  
  Не е изгубен Не е повреден без рестрикции заемане за дома 190171 Регионална библиотека "Любен Каравелов" Русе Регионална библиотека "Любен Каравелов" Русе Детски отдел 2012-05-29 Детски отдел 7.00 120000757849 ДХ 820/899/Я 67 120000757849 2 3.58 Дост: DA Вид: А N: 8 Дата: 28.05.2012 Дата инв: 14.08.2015 Бележки инв: Д2015 Книги  
  Не е изгубен Не е повреден без рестрикции заемане за дома 862062 Регионална библиотека "Любен Каравелов" Русе Регионална библиотека "Любен Каравелов" Русе Детски отдел 2021-11-16 Детски отдел 4.90   821-93/Я 67 Т 120000862635   2.51   Книги Universal Decimal Classification
  Не е изгубен Не е повреден без рестрикции заемане за дома 862063 Регионална библиотека "Любен Каравелов" Русе Регионална библиотека "Любен Каравелов" Русе Детски отдел 2021-11-16 Детски отдел 4.90   821-93/Я 67 Т 120000862636   2.51   Книги Universal Decimal Classification
Vip Innovations Ltd, Rousse, Bulgaria 2025